| 000 -LEADER |
| fixed length control field |
00765nam a22001337a 4500 |
| 040 ## - CATALOGING SOURCE |
| Transcribing agency |
RUA |
| 082 ## - DEWEY DECIMAL CLASSIFICATION NUMBER |
| Classification number |
FIS SIM 2004 B176 Or.1 |
| 100 ## - MAIN ENTRY--AUTHOR NAME |
| Personal name |
SIM, VANNETH. |
| 245 ## - TITLE STATEMENT |
| Title |
feed composition for small-scale aquaculture in samrongtong, kong pisey and bor seth districts of kompong speu province (សមាសភាពចំណីត្រីរបស់កសិករចិញ្ចឹមត្រីជាលក្ខណៈគ្រួសារ នៅស្រុកសំរោងទង គងពិសី និង បរសេដ្ធ ខេត្តកំពង់ស្ពឺ) |
| 260 ## - PUBLICATION, DISTRIBUTION, ETC. (IMPRINT) |
| Place of publication |
Phnom Penh |
| Name of publisher |
RUA |
| Year of publication |
2004 |
| 300 ## - PHYSICAL DESCRIPTION |
| Number of Pages |
viii, 36p. |
| Other physical details |
ill. |
| Dimensions |
29cm. |
| 856 ## - ELECTRONIC LOCATION AND ACCESS |
| Uniform Resource Identifier |
https://drive.google.com/file/d/1QC0IsiIyuPv0N5fg0YQSFjxhZZIBNOQt/view?usp=sharing |
| 942 ## - ADDED ENTRY ELEMENTS (KOHA) |
| Koha item type |
FIS |
| 952 ## - LOCATION AND ITEM INFORMATION (KOHA) |
| Withdrawn status [LOCAL, KOHA] |
0 |
| 952 ## - LOCATION AND ITEM INFORMATION (KOHA) |
| Withdrawn status [LOCAL, KOHA] |
0 |
| 952 ## - LOCATION AND ITEM INFORMATION (KOHA) |
| Withdrawn status [LOCAL, KOHA] |
0 |